Ordnung welche in Absicht der Procession und öffentlichen Gottesdienstes bey der Einweihung der Franklinischen Deutschen Hohe Schule in der Stadt und Graffschaft Lancaster, zu beobachten.

Bibliographic Details
Corporate Author: Franklin College (Lancaster, Pa.)
Format: eBook
Language:German
Published: Philadelphia : Gedruckt bey Melchior Steiner, in der Rees-Strasse, zwischen der Zweyten- und Dritten-Strasse, 1787.
Series:Early American imprints. Evans (1639-1800) ; no. 20446.
Subjects:
Online Access:Evans Digital Edition

MARC

Tag First Indicator Second Indicator Subfields
LEADER 00000cam a22000001a 4500
001 in00002165708
006 m e d #
007 cr mn mmmmabba
008 851230s1787 pau s 000 0 ger d
005 20260330212825.2
035 |z w024832 
035 |a MAAR8512301303B 
035 |9 mwa91-16182 
035 |a 337043 
035 |a aas03024832 
040 |a MWA  |c MWA  |e bdrb  |d UtOrBLW 
041 1 |a ger  |h eng 
110 2 |a Franklin College (Lancaster, Pa.) 
245 1 0 |a Ordnung welche in Absicht der Procession und öffentlichen Gottesdienstes bey der Einweihung der Franklinischen Deutschen Hohe Schule in der Stadt und Graffschaft Lancaster, zu beobachten. 
264 1 |a Philadelphia :  |b Gedruckt bey Melchior Steiner, in der Rees-Strasse, zwischen der Zweyten- und Dritten-Strasse,  |c 1787. 
300 |a 8 unnumbered pages ;  |c (octavo) 
336 |a text  |b txt  |2 rdacontent 
337 |a computer  |b c  |2 rdamedia 
338 |a online resource  |b cr  |2 rdacarrier 
500 |a Second title page, in English: Order of procession and public worship to be observed in the dedication of Franklin College, in the borough and county of Lancaster. 
510 4 |a Evans  |c 20446 
530 |a Microform version available in the Readex Early American Imprints series. 
533 |a Electronic text and image data.  |b [Chester, Vt. :  |c Readex, a division of Newsbank, Inc.,  |d 2002-2004.  |e Includes files in TIFF, GIF and PDF formats with inclusion of keyword searchable text.  |f (Early American imprints. First series ; no. 20446). 
500 |a Electronic resource. 
610 2 0 |a Franklin College (Lancaster, Pa.) 
752 |a United States  |b Pennsylvania  |d Philadelphia. 
830 0 |a Early American imprints.  |n Series I,  |p Evans (1639-1800) ;  |v no. 20446. 
856 4 1 |u http://proxy.library.tamu.edu/login?url=https://opac.newsbank.com/select/evans/20446  |y Evans Digital Edition  |t 0 
999 |a MARS 
999 f f |s 717b8687-4443-3883-8f88-b825c8a9a092  |i 38188622-5887-34dd-b79e-d19d1f36aca1  |t 0 
952 f f |a Texas A&M University  |b College Station  |c Electronic Resources  |s www_evans  |d Available Online  |t 0  |h No information provided 
998 f f |t 0  |l Available Online